| 000 | 00965nam a2200289 a 4500 | ||
|---|---|---|---|
| 001 | 70041 | ||
| 003 | BD-RjUL | ||
| 005 | 20211209081946.0 | ||
| 008 | 17041 s1997 nyua b 001 0 eng | ||
| 020 | _a0387947620 (hardcover : alk. paper) | ||
| 035 | _a(BD-RjUL)70253 | ||
| 040 |
_aDLC _cDLC _dBD-RjUL _beng |
||
| 041 | _aeng | ||
| 082 | 0 | 0 |
_a512.3 _223 _bWAI 1997 |
| 100 | 1 |
_aWashington, Lawrence C. _9207439 |
|
| 245 | 1 | 0 |
_aIntroduction to cyclotomic fields / _cLawrence C. Washington. |
| 250 | _a2nd ed. | ||
| 260 |
_aNew York : _bSpringer, _cc1997. |
||
| 300 |
_axiv, 487 p. : _bill. ; _c24 cm. |
||
| 504 | _aIncludes bibliographical references (p. 424-482) and index. | ||
| 650 | 0 |
_aAlgebraic fields. _9151071 |
|
| 650 | 0 |
_aCyclotomy. _9207441 |
|
| 856 | 4 | 2 |
_3Publisher description _uhttp://www.loc.gov/catdir/enhancements/fy0814/96013169-d.html |
| 942 |
_2ddc _cBK |
||
| 999 |
_c70041 _d70041 |
||